000 00695nam a2200265Ia 4500
003 OSt
005 20221006151154.0
006 a|||||r|||| 00| 0
007 ta
008 221006b |||||||| |||| 00| 0 jpn d
020 _c¥320
024 _a21,181
037 _bGift, Japan Foundation
_cTextual
040 _aEASL
_cEASL
_bjpn
041 _2jpn
_ajpn
082 _a1008385
100 _aSHIBA Ryotaro
_9649929
245 0 _aNingen no shudan ni tsuite
260 _aTokyo
_bKadokawa Bunko Japan
_c1974
300 _a235p.
_ccm.
490 _v JL
650 _aJL
942 _h1008385
_cTEXL
_2CC
999 _c1089267
_d1089267